Normal view
MARC view
Entry Personal Name
001 - CONTROL NUMBER
- control field: 46505
003 - CONTROL NUMBER IDENTIFIER
- control field: dpl
005 - DATE AND TIME OF LATEST TRANSACTION
- control field: 20120505134535.0
008 - FIXED-LENGTH DATA ELEMENTS
- fixed length control field: 120505|||a|||||| | ||| d
040 ## - CATALOGING SOURCE
- Original cataloging agency: dpl
- Transcribing agency: dpl
100 ## - HEADING--PERSONAL NAME
- Personal name: Nordhaus, William D.
670 ## - SOURCE DATA FOUND
- Source citation: Work cat.: (dpl): Samuelson, Paul A. 46504, Economics /, 1985
670 ## - SOURCE DATA FOUND
- Source citation: Work cat.: (dpl): Samuelson, Paul A. 46504, Economics /, 1985
